000
00319nam a2200109Ia 4500
008
171204s9999 xx 000 0 und d
245
_a
Revising And Editing For Translators:
245
_c
Brian Mossop
260
_c
2014
650
_x
PUBLICATION EDITING
856
_u
http://down.ebook777.com/017/RevAndEdiForTra3Edi.pdf
999
_c
346174
_d
346174